Rozpoznaj miasto po zdjęciu #2 - Statystyki

Ogólne statystyki
  • Ten quiz został rozwiązany 146 razy
    134 od ostatniego zresetowania
  • Średni wynik to 5 z 10
Statystyki odpowiedzi
Obrazkowy Odpowiedź % Poprawnych
Paryż
92%
Berlin
78%
Amsterdam
71%
Toronto
53%
Szanghaj
43%
Los Angeles
42%
Singapur
34%
Bogota
22%
Rabat
15%
Teheran
9%
Nie znaleziono quizów pasujących do podanych kryteriów
Rozkład punktacji
Procent ludzi z każdym wynikiem
Percentyl według liczby udzielonych odpowiedzi
Twoja historia wyników
Nie rozwiązałeś tego quizu od ostatniego zresetowania